| 000 | 00526nam a2200145Ia 4500 | ||
|---|---|---|---|
| 008 | 210716s2017 xx 000 0 und d | ||
| 020 | _a9788126564750 | ||
| 041 | _aeng | ||
| 082 | _a332.415 EVEH | ||
| 100 | _aEvensky, Harold; Haron, Stephen M; Robinson, Thomas R. | ||
| 245 |
_aNew wealth management: financial advisors guide to managing and investing client assets. _bFinancial advisors guide to managing and investing client assets. |
||
| 250 | _a1 | ||
| 260 |
_aNew Delhi _bWiley India Pvt Ltd _c2017 |
||
| 300 | _axx,458 | ||
| 999 |
_c210163 _d210163 |
||